[Event "Perth op"]
[Site "Perth"]
[Date "2023.01.05"]
[Round "5"]
[White "Baneshi, Kiamehr"]
[Black "Maris, Robert"]
[Result "1/2-1/2"]
[WhiteElo "1671"]
[BlackElo "1925"]
[PlyCount "43"]
[EventDate "2023.01.02"]
[EventType "swiss"]
[EventRounds "11"]
[EventCountry "AUS"]
[SourceTitle "CBM 212 Extra"]
[Source "ChessBase"]
[SourceDate "2023.03.31"]
[SourceVersion "1"]
[SourceVersionDate "2023.03.31"]
[SourceQuality "1"]

1. e4 c5 2. Nf3 Nc6 3. d4 cxd4 4. Nxd4 e6 5. Be3 Qc7 6. Be2 Nf6 7. Nd2 Nxd4 8. Bxd4 Bc5 9. Bxf6 gxf6 10. Nb3 Bd6 11. Qd3 Bf4 12. g3 Bh6 13. Qd4 Qe5 14. f4 Qxd4 15. Nxd4 a6 16. Nf3 b6 17. e5 Bg7 18. 0-0-0 Bb7 19. Rd6 Bc6 20. Re1 Ke7 21. Rd3 Rhc8 22. exf6+ 1/2-1/2

[Event "Perth op"]
[Site "Perth"]
[Date "2023.01.02"]
[Round "1"]
[White "Yu, Leiming"]
[Black "Maris, Robert"]
[Result "0-1"]
[WhiteElo "1511"]
[BlackElo "1925"]
[PlyCount "50"]
[EventDate "2023.01.02"]
[EventType "swiss"]
[EventRounds "11"]
[EventCountry "AUS"]
[SourceTitle "CBM 212 Extra"]
[Source "ChessBase"]
[SourceDate "2023.03.31"]
[SourceVersion "1"]
[SourceVersionDate "2023.03.31"]
[SourceQuality "1"]

1. d4 Nf6 2. c4 e6 3. Nf3 b6 4. g3 Bb7 5. Bg2 Bb4+ 6. Bd2 Be7 7. Nc3 0-0 8. 0-0 d6 9. Bf4 Ne4 10. Qd3 Nxc3 11. bxc3 f5 12. Qe3 Qc8 13. Ng5 Bxg2 14. Kxg2 Bxg5 15. Bxg5 Qb7+ 16. Kg1 Re8 17. Qd3 Nc6 18. e4 fxe4 19. Qxe4 Na5 20. Qd3 Qa6 21. Rfe1 Qxc4 22. Qf3 Qc6 23. Qd3 Qd5 24. Be3 Nc4 25. Bg5 Ne5 0-1

[Event "West Australia-ch op"]
[Site "Perth"]
[Date "2016.07.24"]
[Round "7"]
[White "Butsenko, Igor"]
[Black "Maris, Robert"]
[Result "1-0"]
[WhiteElo "2238"]
[BlackElo "1934"]
[PlyCount "53"]
[EventDate "2016.06.26"]
[EventType "swiss"]
[EventRounds "7"]
[EventCountry "AUS"]
[SourceTitle "EXT 2018"]
[Source "ChessBase"]
[SourceDate "2017.10.13"]
[SourceVersion "1"]
[SourceVersionDate "2017.10.13"]
[SourceQuality "1"]

1. d4 Nf6 2. c4 e6 3. Nf3 b6 4. g3 Ba6 5. Nbd2 Bb4 6. Qa4 Qe7 7. a3 Bxd2+ 8. Bxd2 0-0 9. Bg2 Bb7 10. 0-0 d6 11. Rac1 a5 12. Rfd1 Bc6 13. Qc2 Be4 14. Qc3 Nbd7 15. h3 Rfd8 16. b4 axb4 17. axb4 c5 18. dxc5 dxc5 19. b5 e5 20. Bg5 h6 21. Bxf6 Qxf6 22. Rd2 Qe7 23. Rcd1 Bxf3 24. Qxf3 Nf6 25. Qb7 Qf8 26. Qxb6 Rxd2 27. Rxd2 1-0

[Event "West Australia-ch op"]
[Site "Perth"]
[Date "2016.07.16"]
[Round "4"]
[White "Maris, Robert"]
[Black "Ellis, David"]
[Result "1/2-1/2"]
[WhiteElo "1934"]
[BlackElo "2002"]
[PlyCount "44"]
[EventDate "2016.06.26"]
[EventType "swiss"]
[EventRounds "7"]
[EventCountry "AUS"]
[SourceTitle "EXT 2018"]
[Source "ChessBase"]
[SourceDate "2017.10.13"]
[SourceVersion "1"]
[SourceVersionDate "2017.10.13"]
[SourceQuality "1"]

1. d4 e6 2. Nf3 d5 3. e3 f5 4. b3 c6 5. Bb2 Nf6 6. Nbd2 Bd6 7. Bd3 0-0 8. Qe2 Nbd7 9. Ne5 Ne4 10. 0-0-0 Qa5 11. Bxe4 fxe4 12. Nxd7 Bxd7 13. Kb1 Bb4 14. Rhf1 Be8 15. h3 Bg6 16. f3 Rab8 17. Bc1 exf3 18. Nxf3 Rf6 19. Ne5 Rbf8 20. Nxg6 Rxg6 21. Rxf8+ Bxf8 22. Rf1 Qd8 1/2-1/2

[Event "NZL-ch op 122nd"]
[Site "Auckland"]
[Date "2015.01.06"]
[Round "6"]
[White "Maris, Robert"]
[Black "Rossiter, Philip E"]
[Result "1-0"]
[WhiteElo "1895"]
[BlackElo "1775"]
[PlyCount "72"]
[EventDate "2015.01.01"]
[EventType "swiss"]
[EventRounds "9"]
[EventCountry "NZL"]
[SourceTitle "CBM 164 Extra"]
[Source "ChessBase"]
[SourceDate "2015.03.02"]
[SourceVersion "1"]
[SourceVersionDate "2015.03.02"]
[SourceQuality "1"]

1. d4 e6 2. Nf3 f5 3. Bg5 Nf6 4. Nc3 d5 5. e3 c6 6. a3 Nbd7 7. Ne5 Be7 8. Bxf6 Nxf6 9. Be2 0-0 10. f4 c5 11. 0-0 Nd7 12. Nxd7 Bxd7 13. Qd2 Qb6 14. g4 cxd4 15. exd4 Rac8 16. Nd1 Qc7 17. Nc3 fxg4 18. Bxg4 Bd6 19. f5 exf5 20. Bf3 Bc6 21. Nxd5 Qf7 22. c4 Qg6+ 23. Kh1 Bxd5 24. Bxd5+ Kh8 25. c5 Bb8 26. Bxb7 Rc7 27. Bf3 Qf6 28. Rg1 Rd8 29. Rae1 h6 30. d5 Rxc5 31. Qg2 Be5 32. Re2 Rdc8 33. Rge1 Rc1 34. b4 R8c2 35. Qf1 Rxe1 36. Qxe1 Bf4 1-0

[Event "NZL-ch op 122nd"]
[Site "Auckland"]
[Date "2015.01.04"]
[Round "4"]
[White "Maris, Robert"]
[Black "McLaren, Leonard"]
[Result "1/2-1/2"]
[WhiteElo "1895"]
[BlackElo "2210"]
[PlyCount "92"]
[EventDate "2015.01.01"]
[EventType "swiss"]
[EventRounds "9"]
[EventCountry "NZL"]
[SourceTitle "CBM 164 Extra"]
[Source "ChessBase"]
[SourceDate "2015.03.02"]
[SourceVersion "1"]
[SourceVersionDate "2015.03.02"]
[SourceQuality "1"]

1. d4 Nf6 2. Nf3 e6 3. e3 b6 4. Bd3 Bb7 5. 0-0 d5 6. b3 Nbd7 7. Bb2 g6 8. c4 Bg7 9. Nc3 0-0 10. Rc1 c5 11. Qe2 Qe7 12. Rfd1 Rfd8 13. cxd5 Nxd5 14. Nxd5 Bxd5 15. e4 Bb7 16. Ba6 Bxa6 17. Qxa6 cxd4 18. Bxd4 e5 19. Bb2 Nc5 20. Qe2 Ne6 21. Qe3 f6 22. g3 h5 23. Qe2 Kh7 24. Rxd8 Rxd8 25. Rd1 Rc8 26. Rc1 Rxc1+ 27. Bxc1 Qb4 28. Bd2 Nd4 29. Nxd4 Qxd4 30. Bc1 Bf8 31. Bb2 Qb4 32. Bc1 Bc5 33. Qd2 Qxd2 34. Bxd2 f5 35. Bc3 fxe4 36. Bxe5 g5 37. h3 Kg6 38. g4 hxg4 39. hxg4 Kf7 40. Bc7 Be7 41. f3 exf3 42. Kf2 Ke6 43. Kxf3 Kd5 44. Ke3 b5 45. Kd3 Bf6 46. Ba5 Be5 1/2-1/2

[Event "NZL-ch op 122nd"]
[Site "Auckland"]
[Date "2015.01.03"]
[Round "3"]
[White "Burke, Matthew WP"]
[Black "Maris, Robert"]
[Result "0-1"]
[WhiteElo "1833"]
[BlackElo "1895"]
[PlyCount "90"]
[EventDate "2015.01.01"]
[EventType "swiss"]
[EventRounds "9"]
[EventCountry "NZL"]
[SourceTitle "CBM 164 Extra"]
[Source "ChessBase"]
[SourceDate "2015.03.02"]
[SourceVersion "1"]
[SourceVersionDate "2015.03.02"]
[SourceQuality "1"]

1. d4 Nf6 2. c4 e6 3. Nc3 Bb4 4. e3 Ne4 5. Qc2 f5 6. Bd3 d5 7. Nf3 0-0 8. 0-0 b6 9. Ne5 Bb7 10. f3 Nxc3 11. bxc3 Bd6 12. cxd5 Bxe5 13. dxe5 Qxd5 14. Ba3 c5 15. e4 Qxe5 16. Rae1 f4 17. Bb2 c4 18. Be2 Qc5+ 19. Kh1 Na6 20. Qa4 b5 21. Qc2 e5 22. a4 Bc6 23. axb5 Bxb5 24. Ra1 Qc6 25. Ba3 Ba4 26. Qa2 Bb3 27. Qd2 Rfd8 28. Qe1 Nc7 29. Bd1 a5 30. Rb1 a4 31. Qf2 Nb5 32. Bb4 h6 33. Re1 Rd3 34. Be2 Re3 35. Rec1 a3 36. Ra1 Kh7 37. Qf1 a2 38. g3 Rd8 39. Qe1 Qd7 40. Kg1 Qd2 41. Kf1 Qb2 42. Bc5 Rxe2 43. Qxe2 Rd2 44. Qe1 Rxh2 45. Bf2 fxg3 0-1

[Event "NZL-ch op 122nd"]
[Site "Auckland"]
[Date "2015.01.01"]
[Round "1"]
[White "Mendoza, Darcy"]
[Black "Maris, Robert"]
[Result "0-1"]
[WhiteElo "612"]
[BlackElo "1895"]
[PlyCount "62"]
[EventDate "2015.01.01"]
[EventType "swiss"]
[EventRounds "9"]
[EventCountry "NZL"]
[SourceTitle "CBM 164 Extra"]
[Source "ChessBase"]
[SourceDate "2015.03.02"]
[SourceVersion "1"]
[SourceVersionDate "2015.03.02"]
[SourceQuality "1"]

1. e4 d5 2. exd5 Qxd5 3. Nc3 Qd6 4. d4 Nf6 5. Bc4 a6 6. Nge2 b5 7. Bf4 Qb6 8. Nd5 Nxd5 9. Bxd5 Bb7 10. Bxb7 Qxb7 11. d5 c5 12. 0-0 Nd7 13. b3 g6 14. Qd2 Bg7 15. Rad1 0-0 16. c3 Nb6 17. d6 e5 18. Bh6 Rfe8 19. Rfe1 Rad8 20. Bxg7 Kxg7 21. Ng3 h6 22. Nf1 Re6 23. Qe2 Qc6 24. Qe4 Qxe4 25. Rxe4 f5 26. Re2 Kf6 27. Red2 Rd7 28. Ne3 Kf7 29. f3 h5 30. g4 f4 31. Nd5 Rexd6 0-1

[Event "Perth Metro CC-chA"]
[Site "Perth"]
[Date "2006.02.02"]
[Round "1"]
[White "Maris, Robert"]
[Black "Haasse, Adam"]
[Result "0-1"]
[WhiteElo "1865"]
[BlackElo "2021"]
[PlyCount "122"]
[EventDate "2006.02.02"]
[EventType "tourn"]
[EventRounds "11"]
[EventCountry "AUS"]
[SourceTitle "EXT 2010"]
[Source "ChessBase"]
[SourceDate "2010.11.25"]
[SourceVersion "1"]
[SourceVersionDate "2010.11.25"]
[SourceQuality "1"]

1. e4 c5 2. Nf3 e6 3. d4 cxd4 4. Nxd4 a6 5. Bd3 Qc7 6. 0-0 Nf6 7. Kh1 Nc6 8. c3 d5 9. Nd2 Bd6 10. exd5 Nxd4 11. cxd4 Nxd5 12. Ne4 Bd7 13. Qg4 g6 14. Bg5 f5 15. Nxd6+ Qxd6 16. Qh4 Kf7 17. Bh6 Bc6 18. Rfe1 Nf6 19. Bc4 Rae8 20. f3 Ng8 21. Bd2 Nf6 22. Rad1 h6 23. Qf4 Qxf4 24. Bxf4 Bd5 25. Rc1 Rc8 26. b3 b5 27. Bd3 g5 28. Be5 Rhg8 29. Kg1 Nd7 30. Bd6 Nf6 31. Rc5 Nd7 32. Rxd5 exd5 33. Re7+ Kf6 34. Rxd7 Ke6 35. Rh7 Kxd6 36. Rxh6+ Ke7 37. Rxa6 Ra8 38. Bxb5 Rxa6 39. Bxa6 Ra8 40. Bb7 Rxa2 41. Bxd5 Rd2 42. Bc4 Rxd4 43. Kf2 Rd2+ 44. Kg3 f4+ 45. Kh3 Kf6 46. g3 Ke5 47. Kg4 Rxh2 48. gxf4+ gxf4 49. Bd3 Rg2+ 50. Kh4 Rb2 51. Bc4 Kd4 52. Kh3 Ke3 53. Bd5 Rd2 54. Bc6 Rd6 55. Be4 Rd4 56. Bc6 Rb4 57. Bd5 Rb5 58. Bc6 Rxb3 59. Kg2 Rb6 60. Bd5 Rg6+ 61. Kf1 Rg3 0-1

[Event "Perth Respini-A"]
[Site "Perth"]
[Date "2005.09.01"]
[Round "1"]
[White "Maris, Robert"]
[Black "Lilly, Richard"]
[Result "1/2-1/2"]
[WhiteElo "1896"]
[BlackElo "1825"]
[PlyCount "46"]
[EventDate "2005.09.01"]
[EventType "tourn"]
[EventRounds "9"]
[EventCountry "AUS"]
[SourceTitle "EXT 2010"]
[Source "ChessBase"]
[SourceDate "2010.11.25"]
[SourceVersion "1"]
[SourceVersionDate "2010.11.25"]
[SourceQuality "1"]

1. d4 d5 2. c4 e6 3. Nc3 Nf6 4. Nf3 c6 5. e3 Nbd7 6. Bd2 Bd6 7. b3 0-0 8. Qc2 Re8 9. Bd3 dxc4 10. bxc4 e5 11. 0-0 Bb4 12. Ng5 h6 13. Nge4 exd4 14. exd4 Nxe4 15. Nxe4 Bxd2 16. Qxd2 Nf6 17. Ng3 Be6 18. Rac1 Qd7 19. Be2 Rad8 20. Rfd1 Bg4 21. Bxg4 Qxg4 22. h3 Qd7 23. Qf4 Qd6 1/2-1/2

[Event "West Australia-ch"]
[Site "South Perth"]
[Date "2005.08.21"]
[Round "8"]
[White "Maris, Robert"]
[Black "Leonhardt, Wolfgang"]
[Result "1-0"]
[WhiteElo "1939"]
[BlackElo "1916"]
[PlyCount "48"]
[EventDate "2005.07.03"]
[EventType "swiss"]
[EventRounds "9"]
[EventCountry "AUS"]
[SourceTitle "EXT 2009"]
[Source "ChessBase"]
[SourceDate "2008.11.26"]
[SourceVersion "1"]
[SourceVersionDate "2008.11.26"]
[SourceQuality "1"]

1. d4 Nf6 2. c4 e6 3. Nc3 b6 4. e4 d5 5. cxd5 exd5 6. e5 Ne4 7. Bd3 Bb7 8. Nge2 Nd7 9. 0-0 Nxc3 10. bxc3 Be7 11. f4 c5 12. Ng3 Qc7 13. Qg4 cxd4 14. Nf5 Qxc3 15. Bb5 Rd8 16. e6 fxe6 17. Nxg7+ Kf7 18. Qxe6+ Kf8 19. Bxd7 Rxd7 20. Qxd7 Bc8 21. Qe8+ Kxg7 22. Qxe7+ Kg8 23. f5 h5 24. f6 Qxa1 1-0

[Event "WA State-ch"]
[Site "Perth"]
[Date "2004.??.??"]
[Round "8"]
[White "Lakner, Jay"]
[Black "Maris, Robert"]
[Result "1-0"]
[WhiteElo "2000"]
[BlackElo "1945"]
[PlyCount "55"]
[EventDate "2004.??.??"]
[EventType "swiss"]
[EventRounds "9"]
[EventCountry "AUS"]
[SourceTitle "EXT 2007"]
[Source "ChessBase"]
[SourceDate "2006.11.23"]
[SourceVersion "1"]
[SourceVersionDate "2006.11.23"]
[SourceQuality "1"]

1. f4 d5 2. Nf3 g6 3. g3 Bg7 4. Bg2 Nd7 5. 0-0 c6 6. c3 h5 7. d3 Ndf6 8. Qe1 Qb6+ 9. Kh1 Bg4 10. a4 Nh6 11. a5 Qc7 12. e4 dxe4 13. dxe4 Bxf3 14. Bxf3 e5 15. Na3 h4 16. Nc4 Nhg4 17. h3 0-0-0 18. hxg4 hxg3+ 19. Kg1 exf4 20. g5 Rh4 21. gxf6 Bxf6 22. e5 Be7 23. b4 g5 24. Qe4 Qd7 25. a6 Rh6 26. Be3 b5 27. Na5 fxe3 28. Bg4 1-0

[Event "WA State-ch"]
[Site "Perth"]
[Date "2004.??.??"]
[Round "6"]
[White "Maris, Robert"]
[Black "Barber, Haydn J"]
[Result "0-1"]
[WhiteElo "1945"]
[BlackElo "2135"]
[PlyCount "102"]
[EventDate "2004.??.??"]
[EventType "swiss"]
[EventRounds "9"]
[EventCountry "AUS"]
[SourceTitle "EXT 2007"]
[Source "ChessBase"]
[SourceDate "2006.11.23"]
[SourceVersion "1"]
[SourceVersionDate "2006.11.23"]
[SourceQuality "1"]

1. d4 f5 2. g3 Nf6 3. c4 d6 4. Nf3 g6 5. Bg2 Bg7 6. 0-0 0-0 7. d5 c6 8. Nc3 Qe8 9. Nd4 Bd7 10. Rb1 Na6 11. b3 Nc5 12. f3 cxd5 13. cxd5 a5 14. a4 Rc8 15. Bb2 g5 16. e3 Qg6 17. Nde2 Qf7 18. Ba1 Na6 19. Qd2 Nb4 20. e4 fxe4 21. fxe4 Qh5 22. Bf3 Ng4 23. Bxg4 Bxg4 24. Nd4 Bxd4+ 25. Qxd4 Nc2 26. Qd2 Nxa1 27. Rxa1 Bh3 28. Rxf8+ Rxf8 29. Qe2 Qxe2 30. Nxe2 Rf3 31. Rb1 Re3 32. Kf2 Rxe4 33. Rc1 Bg4 34. Nc3 Re5 35. Rb1 Rf5+ 36. Ke3 Rf3+ 37. Kd4 Bf5 38. Rc1 Rf2 39. Rh1 Rd2+ 40. Kc4 Bd3+ 41. Kd4 Bf1+ 42. Ke3 Rd3+ 43. Ke4 Rxc3 44. Rxf1 Rxb3 45. Kf5 Re3 46. Kxg5 Kg7 47. Rb1 Re5+ 48. Kf4 Rxd5 49. Rxb7 Kf6 50. Ke4 Rc5 51. Rb5 Rc4+ 0-1